003130000a2200073000450024500830000004100140008310000360009777301060013310aEstudios en Labiatae de Colombia I. novedades en los géneros Salvia e Hyptis0 aEspañol1 aFernández Alonso, José Luis1 tRevista de la Academia Colombiana de Ciencias Exactas, Fisicas y Naturales332h74q469-480d1995g19